000 00724nam a2200253Ia 4500
003 OSt
005 20220918182400.0
006 a|||||r|||| 00| 0
007 ta
008 220917b |||||||| |||| 00| 0 eng d
024 _a32,208
037 _cTextual
040 _aARTS
_cARTS
_beng
041 _2eng
_aeng
082 _aO111,1M09:g, L2
100 _aLockyer Norman
_960160
245 0 _aTennyson
_b as a student and poet of nature
260 _aNew York
_bRussell and Russell
_c1972
300 _ax,220p.
_ccm.
650 _aENGLISH LITERATURE
700 _a Lockyer Winifred E
_960161
942 _hO111,1M09:g, L2
_cTEXL
_2CC
999 _c168781
_d168781